Artillery (Record no. 6334)

MARC details
000 -LEADER
fixed length control field 00839 a2200217 4500
005 - DATE AND TIME OF LATEST TRANSACTION
control field 20080827102937.0
008 - FIXED-LENGTH DATA ELEMENTS--GENERAL INFORMATION
fixed length control field 080827t xxu||||| |||| 00| 0 eng d
010 ## - LIBRARY OF CONGRESS CONTROL NUMBER
LC control number ENG-87261
020 ## - INTERNATIONAL STANDARD BOOK NUMBER
International Standard Book Number 8176021801
Terms of availability 595.00
035 ## - SYSTEM CONTROL NUMBER
System control number EN-70794
037 ## - SOURCE OF ACQUISITION
Source of stock number/acquisition DBAD / PUB
082 ## - DEWEY DECIMAL CLASSIFICATION NUMBER
Classification number 355.821
100 ## - MAIN ENTRY--PERSONAL NAME
Personal name Jagjit Singh
245 ## - TITLE STATEMENT
Title Artillery
Remainder of title the battle winning arm
Statement of responsibility, etc by jagjit Singh
260 ## - PUBLICATION, DISTRIBUTION, ETC. (IMPRINT)
Place of publication, distribution, etc New Delhi
Name of publisher, distributor, etc Lancer Publishers and Distributors
Date of publication, distribution, etc 2006
270 ## - ADDRESS
Address k-36 A (FF), Green Park Main
City New Delhi
Postal code 110 016
300 ## - PHYSICAL DESCRIPTION
Extent xiv, 144p.
Other physical details Photos
Dimensions 24cm (Hb )
500 ## - GENERAL NOTE
General note Includes bibliographical references
942 ## - ADDED ENTRY ELEMENTS (KOHA)
Institution code [OBSOLETE] dpl
Koha item type English Books
Call number prefix 355.821 / JAG
Source of classification or shelving scheme Dewey Decimal Classification
Classification part 355.821
Call number suffix JAG
Holdings
Withdrawn status Lost status Damaged status Not for loan Home library Current library Date acquired Cost, normal purchase price Total Checkouts Full call number Barcode Date last seen Copy number Uniform Resource Identifier Cost, replacement price Price effective from Koha item type
        D.B.Act.Division D.B.Act.Division 27/08/2008 595.00   355.821 JAG EN-70794 15/09/2008 1 6815 595.00 15/09/2008 English Books

© Delhi Public Library
Hit Counter
free hit counter